000 00868nam a22002057a 4500
999 _c64543
_d64543
005 20251125233106.0
008 s2554 th ||||| |||| 00| 0 tha d
020 _a9789744174390
040 _aNALT
050 _aDS582 ว548 2554
100 0 _aพันธุ์อร จงประสิทธิ์, บรรณาธิการ
245 1 0 _aวิชาอาชีพชาวสยาม จากหนังสือวชิรญาณวิเศษ ร.ศ.108-113
260 3 _aกรุงเทพฯ :
_bกรมศิลปากร,
_c2554
300 _a326 หน้า ;
_b 21 ซม.
650 0 4 _aอาชีพ -- ไทย -- รวมเรื่อง
850 _aNALT
856 4 0 _uhttps://hdl.handle.net/20.500.14156/411735
942 _cGB
_2lcc